[Event "2BLN 2122 FC St. Pauli - SV Werder Brem"]
[Site "?"]
[Date "2022.05.15"]
[Round "6.4"]
[White "Voigt, Martin"]
[Black "Breutigam, Martin"]
[Result "1/2-1/2"]
[WhiteElo "2311"]
[BlackElo "2380"]
[PlyCount "111"]
[EventDate "2022.??.??"]

1. e4 d5 2. exd5 Qxd5 3. Nf3 Bg4 4. Be2 Nc6 5. d4 O-O-O 6. c4 Qd7 7. d5 Bxf3 8.
Bxf3 Ne5 9. O-O e6 10. Nc3 Nf6 11. Bf4 Bd6 12. Bxe5 Bxe5 13. Nb5 a6 14. Qe2
axb5 15. Qxe5 exd5 16. cxd5 Qd6 17. Qe2 g5 18. g3 h5 19. Qxb5 g4 20. Bg2 h4 21.
Rac1 Rh5 22. Rfe1 h3 23. Bh1 Re5 24. Qa4 Kb8 25. Qd4 Rde8 26. Rxe5 Qxe5 27.
Qxe5 Rxe5 28. Kf1 Nxd5 29. Re1 Rf5 30. Be4 Rg5 31. f3 Nf6 32. Kf2 Rb5 33. Re2
Ra5 34. a3 Rb5 35. b4 c5 36. Bd3 Rb6 37. fxg4 Nxg4+ 38. Kf3 Nf6 39. Rb2 Nd5 40.
Bf5 cxb4 41. axb4 Nxb4 42. Bxh3 Kc7 43. Bf5 Kd6 44. Ke4 Rb5 45. g4 Nd5 46. Rxb5
Nc3+ 47. Kf4 Nxb5 48. h4 Ke7 49. h5 f6 50. Be4 Nd6 51. Bd5 Kf8 52. h6 b5 53.
Ba2 b4 54. Bb3 Nf7 55. h7 Nh8 56. g5 1/2-1/2

[Event "2BLN 2122 FC St. Pauli - SV Werder Brem"]
[Site "?"]
[Date "2022.05.15"]
[Round "6.5"]
[White "Richter, Christian"]
[Black "Mueller, Fabian"]
[Result "1-0"]
[WhiteElo "2352"]
[BlackElo "2342"]
[PlyCount "79"]
[EventDate "2022.??.??"]

1. d4 Nf6 2. Nf3 e6 3. c4 Bb4+ 4. Bd2 Qe7 5. g3 Nc6 6. Nc3 O-O 7. Bg2 Bxc3 8.
Bxc3 Ne4 9. Rc1 d6 10. d5 Nxc3 11. Rxc3 Nd8 12. Qd2 e5 13. O-O Bg4 14. c5 Bxf3
15. Bxf3 f5 16. Rfc1 Rf7 17. Bg2 Rc8 18. Qc2 e4 19. f3 exf3 20. Bxf3 Qe5 21.
Kg2 dxc5 22. Rxc5 b6 23. Rc3 Nb7 24. Qa4 a5 25. Qf4 Qxf4 26. gxf4 Kf8 27. Rc6
Rd7 28. Rxb6 cxb6 29. Rxc8+ Ke7 30. Kf2 Nc5 31. Ke3 Rd8 32. Rc7+ Rd7 33. Rc8
Rd8 34. Rxd8 Kxd8 35. Kd4 Ke7 36. Ke5 g6 37. d6+ Kd7 38. Bd5 b5 39. h4 b4 40.
Bg8 1-0

[Event "2BLN 2122 FC St. Pauli - SV Werder Brem"]
[Site "?"]
[Date "2022.05.15"]
[Round "6.6"]
[White "Trisic, Aleksandar"]
[Black "Ewert, Hannes"]
[Result "0-1"]
[WhiteElo "2345"]
[BlackElo "2273"]
[PlyCount "131"]
[EventDate "2022.??.??"]

1. d4 Nf6 2. c4 e6 3. Nf3 b6 4. a3 Bb7 5. Nc3 d5 6. cxd5 Nxd5 7. e3 Be7 8. Bb5+
c6 9. Ba4 O-O 10. e4 Nxc3 11. bxc3 c5 12. Bc2 Ba6 13. h4 Nc6 14. e5 cxd4 15.
cxd4 Rc8 16. Be3 Na5 17. Ng5 h6 18. Bh7+ Kh8 19. Bd3 Nc4 20. Qb1 Nxe3 21. fxe3
Bxd3 22. Qxd3 Bxg5 23. hxg5 Qxg5 24. O-O Rc7 25. Rf3 Rfc8 26. Raf1 Kg8 27. Qe4
Rd8 28. Rf4 h5 29. Kh2 Rdd7 30. R1f3 Rc1 31. Rh3 Rdc7 32. Qa8+ Kh7 33. Qf3 Kg8
34. Rxh5 Qg6 35. Qh3 Kf8 36. Rh8+ Ke7 37. Qh4+ Kd7 38. Qf2 Ke7 39. Qh4+ Kd7 40.
Qd8+ Kc6 41. a4 Kb7 42. Qa8+ Ka6 43. Qf3 Qb1 44. Kg3 Qg6+ 45. Rg4 Qd3 46. Qe4
Qd2 47. Kh2 Qd1 48. Rb8 Qg1+ 49. Kg3 R1c3 50. Kf4 f5 51. exf6 gxf6 52. Rg3 Qf2+
53. Qf3 e5+ 54. Kf5 Qc2+ 55. Qe4 Qxa4 56. Rd8 Qd1 57. Qf3 Qb1+ 58. Qe4 Qxe4+
59. Kxe4 exd4 60. Rxd4 b5 61. Rf3 R7c6 62. g4 Kb6 63. Kf5 a5 64. Kg6 a4 65.
Rdf4 a3 66. Rxf6 0-1

[Event "2BLN 2122 FC St. Pauli - SV Werder Brem"]
[Site "?"]
[Date "2022.05.15"]
[Round "6.7"]
[White "Buchal, Stephan"]
[Black "Stenner, Patrick"]
[Result "1/2-1/2"]
[WhiteElo "2232"]
[BlackElo "2269"]
[PlyCount "54"]
[EventDate "2022.??.??"]

1. c4 e6 2. g3 d5 3. Bg2 d4 4. Nf3 Nc6 5. O-O Bc5 6. d3 h6 7. e3 a5 8. exd4
Nxd4 9. Nbd2 Ne7 10. Nxd4 Bxd4 11. Nf3 Nc6 12. Nxd4 Nxd4 13. Be3 O-O 14. Qh5 a4
15. Rad1 f5 16. Rfe1 c5 17. Bf4 Ra6 18. Be5 Rb6 19. Rd2 Qg5 20. Qd1 Ra6 21. b4
axb3 22. axb3 Ra1 23. Qxa1 Qxd2 24. Rd1 Qc2 25. b4 Rd8 26. Bxd4 cxd4 27. Qb1
Qc3 1/2-1/2

[Event "2BLN 2122 FC St. Pauli - SV Werder Brem"]
[Site "?"]
[Date "2022.05.15"]
[Round "6.8"]
[White "Breyther, Ruediger"]
[Black "Brinkmann, Fabian"]
[Result "1-0"]
[WhiteElo "2251"]
[BlackElo "2145"]
[PlyCount "69"]
[EventDate "2022.??.??"]

1. e4 c6 2. d4 d5 3. e5 c5 4. dxc5 e6 5. a3 Bxc5 6. Qg4 Ne7 7. Nf3 Ng6 8. b4
Bb6 9. Bd3 f5 10. Qh5 O-O 11. Ng5 h6 12. Qxg6 hxg5 13. Bxg5 Qc7 14. O-O Bd4 15.
c3 Bxe5 16. f4 Bd6 17. Nd2 Qxc3 18. Nf3 Qc7 19. g4 Nc6 20. gxf5 exf5 21. Nh4
Nd4 22. Qh5 Bd7 23. Ng6 Rfe8 24. Qh8+ Kf7 25. Qh5 Kg8 26. Bf6 gxf6 27. Qh8+ Kf7
28. Qh7+ Ke6 29. Rae1+ Be5 30. fxe5 fxe5 31. Nxe5 Kd6 32. Nf7+ Kc6 33. Rc1+ Kb6
34. Rxc7 Kxc7 35. Rc1+ 1-0

[Event "2BLN 2122 SK Zehlendorf - Hamburger SK"]
[Site "?"]
[Date "2022.05.15"]
[Round "6.1"]
[White "Zwirs, Nico"]
[Black "Sawlin, Leonid"]
[Result "1-0"]
[WhiteElo "2468"]
[BlackElo "2405"]
[PlyCount "75"]
[EventDate "2022.??.??"]

1. e4 e6 2. d4 d5 3. Nc3 Nf6 4. e5 Nfd7 5. f4 c5 6. Nf3 Nc6 7. Be3 a6 8. a3 b5
9. Bd3 Qb6 10. O-O Be7 11. Kh1 cxd4 12. Bg1 b4 13. axb4 Qxb4 14. Nb5 O-O 15. c3
dxc3 16. bxc3 Qxf4 17. Nfd4 Qg5 18. Nxc6 Bb7 19. Nxe7+ Qxe7 20. Nd4 h6 21. Nf3
Rfc8 22. Bd4 Nc5 23. Ra5 Rab8 24. Bc2 Ne4 25. Qd3 Qc7 26. Ra3 Bc6 27. Qe3 Bb5
28. Rg1 Qe7 29. Raa1 Qb7 30. Nd2 Ng5 31. h4 Nh7 32. g4 Qe7 33. Nf3 Nf8 34. Rg2
g6 35. Qxh6 Nh7 36. h5 Qf8 37. Qxf8+ Nxf8 38. Rf2 1-0

[Event "2BLN 2122 SK Zehlendorf - Hamburger SK"]
[Site "?"]
[Date "2022.05.15"]
[Round "6.2"]
[White "Lagunow, Raphael"]
[Black "Kramer, Julian"]
[Result "1/2-1/2"]
[WhiteElo "2396"]
[BlackElo "2455"]
[PlyCount "106"]
[EventDate "2022.??.??"]

1. e4 c5 2. Nf3 d6 3. d4 cxd4 4. Nxd4 Nf6 5. Nc3 Nc6 6. Bg5 e6 7. Qd2 a6 8.
O-O-O Bd7 9. f3 Be7 10. h4 Nxd4 11. Qxd4 Qc7 12. Kb1 b5 13. Qd2 b4 14. Ne2 a5
15. c4 e5 16. g4 h5 17. Bxf6 Bxf6 18. g5 Be7 19. Ng3 g6 20. f4 Bg4 21. Rc1 exf4
22. Qxf4 Qc5 23. Be2 Be6 24. Rhf1 Bf8 25. Nf5 Qe5 26. Qxe5 dxe5 27. c5 gxf5 28.
Bb5+ Bd7 29. c6 Bc8 30. exf5 f6 31. c7+ Kf7 32. Rc6 Bg7 33. Bc4+ Ke7 34. Be6
Ra6 35. Rfc1 Rxc6 36. Rxc6 Rf8 37. Kc2 Bxe6 38. Rxe6+ Kd7 39. Kd3 Bh8 40. Ke4
Kxc7 41. Re7+ Kc6 42. Rh7 Rg8 43. Rxh5 Bg7 44. Rh7 Rh8 45. Rxg7 Rxh4+ 46. Kf3
Rf4+ 47. Ke3 Rxf5 48. gxf6 Rxf6 49. Ra7 Kb6 50. Re7 Rf5 51. Ke4 Rf4+ 52. Ke3
Rf5 53. Ke4 Rf4+ 1/2-1/2

[Event "2BLN 2122 SK Zehlendorf - Hamburger SK"]
[Site "?"]
[Date "2022.05.15"]
[Round "6.3"]
[White "Souleidis, Georgios"]
[Black "Baskin, Robert"]
[Result "1/2-1/2"]
[WhiteElo "2430"]
[BlackElo "2392"]
[PlyCount "90"]
[EventDate "2022.??.??"]

1. e4 e5 2. Nf3 Nc6 3. Nc3 Nf6 4. d4 exd4 5. Nd5 Nxe4 6. Bc4 Be7 7. O-O O-O 8.
Re1 Nf6 9. Nxe7+ Nxe7 10. Qxd4 d5 11. Bd3 Bf5 12. Bg5 Bxd3 13. Bxf6 Be4 14.
Bxe7 Qxe7 15. Nd2 c5 16. Qe3 Qc7 17. Nxe4 dxe4 18. Qxe4 Rad8 19. Rad1 Rxd1 20.
Rxd1 Rd8 21. Rxd8+ Qxd8 22. g3 g6 23. Qxb7 Qd1+ 24. Kg2 Qxc2 25. Qb8+ Kg7 26.
Qe5+ Kg8 27. Qb8+ Kg7 28. Qe5+ Kg8 29. a3 h5 30. h3 a6 31. Qe8+ Kg7 32. Qe5+
Kg8 33. Qf6 Qe4+ 34. Qf3 Qd4 35. Qb7 Kg7 36. b3 Qb2 37. Qxa6 Qxb3 38. a4 Qd5+
39. Kf1 c4 40. Qb5 Qd4 41. Ke2 Qe4+ 42. Kd2 Qd3+ 43. Ke1 Qd4 44. Ke2 Qd3+ 45.
Ke1 Qe4+ 1/2-1/2

[Event "2BLN 2122 SK Zehlendorf - Hamburger SK"]
[Site "?"]
[Date "2022.05.15"]
[Round "6.4"]
[White "Meister, Jakob"]
[Black "Van Delft, Merijn"]
[Result "1/2-1/2"]
[WhiteElo "2418"]
[BlackElo "2375"]
[PlyCount "92"]
[EventDate "2022.??.??"]

1. c4 Nf6 2. Nc3 g6 3. g3 Bg7 4. Bg2 O-O 5. Nf3 d6 6. O-O Nc6 7. Rb1 a5 8. a3
e5 9. d3 Re8 10. Ne1 Nd4 11. b4 axb4 12. axb4 c6 13. b5 Bd7 14. Nc2 Qc7 15. Bd2
h5 16. h4 Bg4 17. Re1 Rad8 18. Be3 Nd7 19. Nb4 Nc5 20. bxc6 bxc6 21. Ne4 Nxe4
22. Bxe4 Bd7 23. Bg2 Ra8 24. Nc2 Bg4 25. Nxd4 exd4 26. Bf4 Be5 27. Qd2 Ra7 28.
Bxe5 Rxe5 29. e3 dxe3 30. Rxe3 Kh7 31. Rbe1 Rxe3 32. Qxe3 c5 33. Bd5 Bf5 34. d4
Qc8 35. dxc5 dxc5 36. Qc3 Qh8 37. Qxh8+ Kxh8 38. Re8+ Kg7 39. Rb8 Kf6 40. Rb5
Rc7 41. f4 Be6 42. Bxe6 Kxe6 43. Kf2 Kf5 44. Kf3 f6 45. Ra5 Rc8 46. Rb5 Rc7
1/2-1/2

[Event "2BLN 2122 SK Zehlendorf - Hamburger SK"]
[Site "?"]
[Date "2022.05.15"]
[Round "6.5"]
[White "Bracker, Frank"]
[Black "Lagunow, Alexander"]
[Result "1/2-1/2"]
[WhiteElo "2369"]
[BlackElo "2367"]
[PlyCount "96"]
[EventDate "2022.??.??"]

1. e4 c6 2. d4 d5 3. exd5 cxd5 4. Bd3 Nc6 5. c3 Nf6 6. Bf4 Bg4 7. Qb3 Qd7 8.
Nd2 e6 9. Ngf3 Bxf3 10. Nxf3 Bd6 11. Bxd6 Qxd6 12. O-O O-O 13. Rfe1 Qc7 14. a4
Rfe8 15. g3 g6 16. Re2 a6 17. Kg2 Rab8 18. Qd1 Kg7 19. Qd2 Na5 20. Qe1 Nc4 21.
h4 Rec8 22. Ne5 b5 23. axb5 axb5 24. Nf3 Qb6 25. b4 Qb7 26. Rea2 Ra8 27. Bxc4
dxc4 28. Qe5 Rxa2 29. Rxa2 Rd8 30. g4 Rd5 31. Qf4 h5 32. g5 Ne8 33. Re2 Rf5 34.
Qe4 Qxe4 35. Rxe4 Nc7 36. Re2 Nd5 37. Rc2 Rf4 38. Kg3 Re4 39. Kg2 Ne7 40. Ra2
Nd5 41. Ra3 Re2 42. Ne5 Rc2 43. Ra7 Rxc3 44. Rxf7+ Kg8 45. Rb7 Nf4+ 46. Kg1 Rb3
47. Rb8+ Kg7 48. Rb7+ Kg8 1/2-1/2

[Event "2BLN 2122 SK Zehlendorf - Hamburger SK"]
[Site "?"]
[Date "2022.05.15"]
[Round "6.7"]
[White "Woelk, Tom-Frederic"]
[Black "Brustkern, Juergen"]
[Result "1/2-1/2"]
[WhiteElo "2315"]
[BlackElo "2179"]
[PlyCount "81"]
[EventDate "2022.??.??"]

1. d4 d5 2. c4 e6 3. Nc3 c6 4. Nf3 dxc4 5. e3 b5 6. a4 Bb4 7. Bd2 a5 8. axb5
Bxc3 9. Bxc3 cxb5 10. b3 Bb7 11. bxc4 b4 12. Bb2 Nf6 13. Bd3 O-O 14. O-O Nbd7
15. Nd2 Nc5 16. Bc2 Nce4 17. Nxe4 Nxe4 18. f3 Nd6 19. d5 exd5 20. cxd5 Ba6 21.
Qd4 f6 22. Rfd1 Rc8 23. Bb3 Bc4 24. Ba4 Bb5 25. e4 Qd7 26. Bxb5 Qxb5 27. e5 Rc2
28. exd6 Qe2 29. Qg4 Rxb2 30. d7 Rd8 31. Re1 Qf2+ 32. Kh1 Kf8 33. Rac1 Re2 34.
Rf1 Rc2 35. h4 h5 36. Qh3 Rxc1 37. Rxc1 b3 38. Rc8 Qe1+ 39. Kh2 Qe5+ 40. f4
Qxf4+ 41. Kh1 1/2-1/2

[Event "2BLN 2122 SK Zehlendorf - Hamburger SK"]
[Site "?"]
[Date "2022.05.15"]
[Round "6.8"]
[White "Floeel, Helmut"]
[Black "Peyrer, Konstantin"]
[Result "0-1"]
[WhiteElo "2062"]
[BlackElo "2410"]
[PlyCount "50"]
[EventDate "2022.??.??"]

1. c4 e5 2. Nc3 Nf6 3. g3 d5 4. cxd5 Nxd5 5. Bg2 Nb6 6. d3 Nc6 7. Bxc6+ bxc6 8.
Nf3 Bd6 9. h4 Bg4 10. Nh2 Be6 11. Bd2 f5 12. Qc2 c5 13. Nf3 h6 14. Na4 Qe7 15.
Rc1 O-O 16. O-O c4 17. dxc4 Nxc4 18. Bc3 e4 19. Nd4 Bd5 20. e3 Qd7 21. b3 Ne5
22. Ba5 f4 23. Nc5 Qh3 24. Nxe4 f3 25. Nxf3 Nxf3# 0-1

[Event "2BLN 2122 SG AE Magdeburg - SK Norderst"]
[Site "?"]
[Date "2022.05.15"]
[Round "6.1"]
[White "Barski, Radoslaw"]
[Black "Gungl, Theo"]
[Result "1-0"]
[WhiteElo "2434"]
[BlackElo "2393"]
[PlyCount "85"]
[EventDate "2022.??.??"]

1. e4 c5 2. Nc3 d6 3. d4 cxd4 4. Qxd4 Nc6 5. Qd2 Nf6 6. b3 a6 7. Bb2 e6 8.
O-O-O b5 9. Bd3 Bb7 10. f4 Qa5 11. g4 O-O-O 12. g5 Nd7 13. Nf3 Nc5 14. Kb1 Kb8
15. Qe3 Rc8 16. Bf1 Nb4 17. Nd2 d5 18. a3 Nxc2 19. Kxc2 Nxe4 20. Ndxe4 dxe4 21.
b4 Qc7 22. Kb1 Bd6 23. Rxd6 Qxd6 24. Be2 Ka8 25. Rd1 Qc6 26. Rc1 Qd7 27. Nxe4
Rxc1+ 28. Kxc1 Qd5 29. Nc5 Qh1+ 30. Kc2 Rc8 31. Bc3 Bd5 32. Kb2 Qxh2 33. Be1
Rc6 34. Bf2 Kb8 35. a4 Kc8 36. axb5 axb5 37. Bxb5 Rb6 38. Ba6+ Kd8 39. b5 Ke7
40. Nd3 Rd6 41. Ne5 Qg2 42. Qa7+ Bb7 43. Kc3 1-0

[Event "2BLN 2122 SK Kirchweyhe - SK Zehlendorf"]
[Site "?"]
[Date "2022.06.18"]
[Round "7.1"]
[White "Sawlin, Leonid"]
[Black "Ivic, Velimir"]
[Result "1/2-1/2"]
[WhiteElo "2391"]
[BlackElo "2628"]
[PlyCount "64"]
[EventDate "2022.??.??"]

1. e4 c5 2. Nf3 g6 3. d4 cxd4 4. Nxd4 Nc6 5. c4 Nf6 6. Nc3 Nxd4 7. Qxd4 d6 8.
Be2 Bg7 9. Be3 O-O 10. Qd2 a5 11. O-O a4 12. Rad1 Qa5 13. Rfe1 Be6 14. Bd4 Rfc8
15. b3 axb3 16. axb3 Qb4 17. Bxf6 Bxf6 18. Nd5 Qxb3 19. Nxf6+ exf6 20. Qxd6
Bxc4 21. Bxc4 Rxc4 22. h3 b5 23. Rb1 Qc3 24. Re3 Ra1 25. Rxc3 Rxb1+ 26. Kh2
Rxc3 27. e5 Rc8 28. Qd7 Rbc1 29. e6 fxe6 30. Qxe6+ Kg7 31. Qe7+ Kg8 32. Qe6+
Kg7 1/2-1/2

[Event "2BLN 2122 SK Kirchweyhe - SK Zehlendorf"]
[Site "?"]
[Date "2022.06.18"]
[Round "7.2"]
[White "Stevic, Hrvoje"]
[Black "Lagunow, Raphael"]
[Result "1-0"]
[WhiteElo "2563"]
[BlackElo "2401"]
[PlyCount "97"]
[EventDate "2022.??.??"]

1. e4 c5 2. c3 d5 3. exd5 Qxd5 4. d4 Nf6 5. Nf3 Bg4 6. dxc5 Qxc5 7. h3 Bh5 8.
Be3 Qc7 9. Na3 a6 10. Nc4 Nbd7 11. g4 Bg6 12. g5 Nh5 13. Qd4 e6 14. Rd1 Rd8 15.
Nd6+ Bxd6 16. Qxd6 Qxd6 17. Rxd6 Be4 18. Be2 Bd5 19. c4 Bc6 20. O-O g6 21. Rfd1
Ke7 22. Ne5 Nxe5 23. Bc5 Rxd6 24. Bxd6+ Ke8 25. Bxe5 f6 26. gxf6 Kf7 27. Rd4
Rf8 28. Bxh5 gxh5 29. h4 Kg6 30. Rf4 Rd8 31. Kf1 Kf7 32. Ke2 Rg8 33. Rd4 Kg6
34. Rd3 Kf5 35. Rg3 Rxg3 36. f7 Rf3 37. f8=Q+ Kxe5 38. Qc5+ Kf6 39. Qg5+ Kf7
40. Qxh5+ Kf6 41. Qg5+ Kf7 42. Qh5+ Kf6 43. Qxh7 Rf5 44. Qh8+ Kg6 45. Qg8+ Kf6
46. Qf8+ Kg6 47. Qe7 Re5+ 48. Kd3 Bf3 49. Qd6 1-0

[Event "2BLN 2122 SK Kirchweyhe - SK Zehlendorf"]
[Site "?"]
[Date "2022.06.18"]
[Round "7.3"]
[White "Baskin, Robert"]
[Black "Brkic, Ante"]
[Result "1/2-1/2"]
[WhiteElo "2401"]
[BlackElo "2618"]
[PlyCount "45"]
[EventDate "2022.??.??"]

1. e4 e5 2. Nf3 Nc6 3. Bb5 a6 4. Ba4 Nf6 5. O-O Be7 6. Re1 b5 7. Bb3 O-O 8. a4
b4 9. d4 d6 10. dxe5 dxe5 11. Nbd2 Bc5 12. h3 Bb7 13. Qe2 Qe7 14. Nc4 Nd4 15.
Nxd4 Bxd4 16. Be3 Rad8 17. Rad1 Qc5 18. f3 Nh5 19. Bxd4 exd4 20. Qf2 Nf4 21.
Kh2 a5 22. Qg3 Ba6 23. Qxf4 1/2-1/2

[Event "2BLN 2122 SK Kirchweyhe - SK Zehlendorf"]
[Site "?"]
[Date "2022.06.18"]
[Round "7.4"]
[White "Jovanovic, Zoran"]
[Black "Stachowiak, Kamil"]
[Result "1/2-1/2"]
[WhiteElo "2520"]
[BlackElo "2474"]
[PlyCount "39"]
[EventDate "2022.??.??"]

1. e4 c5 2. Nf3 e6 3. g3 Nc6 4. Bg2 d6 5. O-O Be7 6. d4 cxd4 7. Nxd4 a6 8. Nxc6
bxc6 9. c4 e5 10. Nc3 Nf6 11. c5 dxc5 12. Qxd8+ Kxd8 13. Na4 Be6 14. Be3 Nd7
15. Rfc1 Kc7 16. Nxc5 Nxc5 17. Bxc5 Bxc5 18. Rxc5 Rab8 19. Rac1 Rxb2 20. Rxc6+
1/2-1/2

[Event "2BLN 2122 SK Kirchweyhe - SK Zehlendorf"]
[Site "?"]
[Date "2022.06.18"]
[Round "7.5"]
[White "Luch, Michal"]
[Black "Kovacevic, Aleksandar"]
[Result "1/2-1/2"]
[WhiteElo "2371"]
[BlackElo "2500"]
[PlyCount "39"]
[EventDate "2022.??.??"]

1. d4 Nf6 2. c4 e6 3. Nc3 Bb4 4. Qc2 d6 5. Bd2 c5 6. dxc5 dxc5 7. e3 O-O 8.
Nge2 Nc6 9. Ng3 Ng4 10. Be2 Qh4 11. a3 Bxc3 12. Bxc3 f5 13. Bxg4 Qxg4 14. f4 b6
15. Rd1 Bb7 16. Qe2 Qxe2+ 17. Kxe2 g6 18. Rd7 Rf7 19. Rhd1 Re8 20. Kf2 1/2-1/2

[Event "2BLN 2122 SK Kirchweyhe - SK Zehlendorf"]
[Site "?"]
[Date "2022.06.18"]
[Round "7.6"]
[White "Palac, Mladen"]
[Black "Lagunow, Alexander"]
[Result "1-0"]
[WhiteElo "2513"]
[BlackElo "2372"]
[PlyCount "65"]
[EventDate "2022.??.??"]

1. e4 c6 2. d4 d5 3. Nc3 dxe4 4. Nxe4 Nf6 5. Nxf6+ exf6 6. Be3 Bd6 7. Bd3 O-O
8. Ne2 Re8 9. O-O Qc7 10. h3 Nd7 11. c4 Nf8 12. Rc1 f5 13. Qd2 Ng6 14. f4 Qe7
15. Bf2 Bd7 16. g3 h5 17. h4 Nf8 18. Nc3 Nh7 19. Qc2 Qe6 20. c5 Bc7 21. d5 cxd5
22. Rfe1 Qg6 23. Nxd5 Rxe1+ 24. Rxe1 Bd8 25. Ne3 Qc6 26. Nxf5 Nf6 27. Bc4 Ng4
28. Nd6 Be6 29. Rxe6 fxe6 30. Bxe6+ Kf8 31. Qh7 Nh6 32. Nf5 Nxf5 33. Qg8+ 1-0

[Event "2BLN 2122 SK Kirchweyhe - SK Zehlendorf"]
[Site "?"]
[Date "2022.06.18"]
[Round "7.7"]
[White "Kalabic, Faris"]
[Black "Zelcic, Robert"]
[Result "0-1"]
[WhiteElo "2211"]
[BlackElo "2492"]
[PlyCount "78"]
[EventDate "2022.??.??"]

1. d4 Nf6 2. Bf4 d5 3. Nf3 c5 4. e3 Nc6 5. c3 Qb6 6. Na3 a6 7. Qb3 Qd8 8. Ne5
e6 9. Be2 Bd6 10. Bg3 O-O 11. f4 Ne4 12. Nb1 Ne7 13. Nd2 Bxe5 14. Nxe4 Bxd4 15.
cxd4 dxe4 16. dxc5 Nf5 17. Qc4 Bd7 18. Qxe4 Bc6 19. Qd3 Qc7 20. Bf3 Rfd8 21.
Qe2 Bxf3 22. Qxf3 Nxg3 23. hxg3 Qxc5 24. Rd1 h6 25. g4 b5 26. a3 a5 27. Rd4 b4
28. Rh5 Qa7 29. Qe4 Rxd4 30. exd4 Qc7 31. Rc5 Qe7 32. g5 Rd8 33. Qe5 bxa3 34.
bxa3 hxg5 35. fxg5 Qb7 36. Qe2 g6 37. Rb5 Qc6 38. a4 Qd6 39. Rxa5 Qb6 0-1

[Event "2BLN 2122 SK Kirchweyhe - SK Zehlendorf"]
[Site "?"]
[Date "2022.06.18"]
[Round "7.8"]
[White "Zaja, Ivan"]
[Black "Floeel, Helmut"]
[Result "1-0"]
[WhiteElo "2447"]
[BlackElo "2063"]
[PlyCount "50"]
[EventDate "2022.??.??"]

1. d4 d5 2. c4 e6 3. Nc3 Nf6 4. cxd5 exd5 5. Bg5 Be7 6. e3 O-O 7. Bd3 Re8 8.
Nge2 Nbd7 9. O-O c6 10. f3 Nf8 11. Bh4 Ng6 12. Bf2 Bf8 13. Kh1 Be6 14. Qd2 Qd7
15. e4 dxe4 16. fxe4 Rad8 17. Bg1 Bb4 18. a3 Ba5 19. b4 Bc7 20. Qc2 a6 21. Rac1
Rc8 22. Na4 Qe7 23. Nc5 Bb8 24. Nxe6 Qxe6 25. e5 Nd5 1-0

[Event "2BLN 2122 SV Lingen - SG AE Magdeburg"]
[Site "?"]
[Date "2022.06.18"]
[Round "7.1"]
[White "Degtiarev, Evgeny"]
[Black "Kollen, Zyon"]
[Result "1-0"]
[WhiteElo "2380"]
[BlackElo "2376"]
[PlyCount "51"]
[EventDate "2022.??.??"]

1. d4 e6 2. c4 Nf6 3. g3 d5 4. Nf3 Be7 5. Bg2 dxc4 6. O-O O-O 7. Na3 Bxa3 8.
bxa3 Nbd7 9. a4 a5 10. Ba3 Re8 11. Rc1 Nb6 12. Ne5 Nfd5 13. Nxc4 Nxc4 14. Rxc4
Bd7 15. Rc5 Bc6 16. e4 Nb6 17. d5 Bxa4 18. Qc1 c6 19. dxe6 Rxe6 20. f4 Rxe4 21.
Bxe4 Qd4+ 22. Rf2 Qxe4 23. Re5 Qd4 24. Qe1 h6 25. Bc5 Qd8 26. Bxb6 1-0

[Event "2BLN 2122 SV Lingen - SG AE Magdeburg"]
[Site "?"]
[Date "2022.06.18"]
[Round "7.2"]
[White "Milanovic, Danilo"]
[Black "Malek, Daniel"]
[Result "0-1"]
[WhiteElo "2409"]
[BlackElo "2346"]
[PlyCount "122"]
[EventDate "2022.??.??"]

1. d4 Nf6 2. c4 e6 3. Nc3 Bb4 4. e3 O-O 5. Bd3 d5 6. cxd5 exd5 7. Nge2 Bd6 8.
Qc2 c6 9. f3 c5 10. O-O Nc6 11. a3 cxd4 12. exd4 h6 13. Be3 Re8 14. Bf2 Be6 15.
Na4 Rc8 16. Nc5 Nxd4 17. Bxd4 Bxc5 18. Bxc5 b6 19. b4 bxc5 20. bxc5 Nd7 21. Nd4
Nxc5 22. Bb5 Bd7 23. Bxd7 Qxd7 24. Qd2 Ne6 25. Rfd1 Red8 26. Qa5 Qc7 27. Qxc7
Rxc7 28. Rd3 Rc4 29. Rad1 g6 30. Kf2 Kg7 31. R1d2 Kf6 32. Ne2 d4 33. Rb3 Rd7
34. Rb4 Rxb4 35. axb4 Ke5 36. Nc1 Kd5 37. Nd3 Rc7 38. Ra2 Kc4 39. Ke2 Kb3 40.
Rb2+ Kc3 41. Rb1 Re7 42. Rc1+ Kb3 43. Kd2 Rc7 44. Rb1+ Ka2 45. Rb2+ Ka3 46. Rb1
h5 47. h4 Ka4 48. g4 Rc3 49. b5 Rb3 50. Ra1+ Ra3 51. Nb2+ Kb3 52. Rxa3+ Kxa3
53. b6 axb6 54. Nc4+ Kb4 55. Nxb6 Kc5 56. Nd7+ Kd6 57. Nf6 Ke5 58. Nd7+ Kf4 59.
gxh5 gxh5 60. Nf6 Kxf3 61. Kd3 Kg3 0-1

[Event "2BLN 2122 SV Lingen - SG AE Magdeburg"]
[Site "?"]
[Date "2022.06.18"]
[Round "7.3"]
[White "Sieber, Fiona"]
[Black "Gutman, Lev"]
[Result "1-0"]
[WhiteElo "2265"]
[BlackElo "2358"]
[PlyCount "93"]
[EventDate "2022.??.??"]

1. e4 c5 2. Nf3 d6 3. d4 cxd4 4. Nxd4 Nf6 5. Nc3 a6 6. Be3 e5 7. Nf3 Be7 8. Bc4
O-O 9. O-O Nc6 10. Qe2 Na5 11. Bd3 Be6 12. Na4 Nd7 13. c4 Nxc4 14. Bxc4 Bxc4
15. Qxc4 b5 16. Qb3 bxa4 17. Qxa4 Nf6 18. Rfd1 Qb8 19. Bg5 Rc8 20. Rd2 Qb5 21.
Qd1 Rc4 22. Bxf6 Bxf6 23. Rc1 Be7 24. Rdc2 Rxc2 25. Qxc2 h6 26. h4 a5 27. g3 a4
28. Qc6 Rb8 29. Qxb5 Rxb5 30. Rc8+ Bf8 31. Rc4 a3 32. bxa3 d5 33. exd5 Rxd5 34.
Kf1 f5 35. a4 Kf7 36. Ke2 Ke6 37. Nd2 Be7 38. Nb3 Bd8 39. Rc6+ Kd7 40. Rc5 Rxc5
41. Nxc5+ Kc6 42. Ne6 Bf6 43. h5 Kb6 44. Nf8 Ka5 45. Nd7 Be7 46. Nxe5 Kxa4 47.
Nc4 1-0

[Event "2BLN 2122 SV Lingen - SG AE Magdeburg"]
[Site "?"]
[Date "2022.06.18"]
[Round "7.4"]
[White "Miletic, Vuk"]
[Black "Biastoch, Bennet"]
[Result "1/2-1/2"]
[WhiteElo "2203"]
[BlackElo "2240"]
[PlyCount "182"]
[EventDate "2022.??.??"]

1. d4 d5 2. Bf4 Nf6 3. e3 c5 4. c3 Nc6 5. Nd2 Bf5 6. Ngf3 e6 7. Qb3 Qc8 8. c4
cxd4 9. Nxd4 Nxd4 10. exd4 Be7 11. c5 O-O 12. Be2 b6 13. cxb6 axb6 14. O-O Qb7
15. Rfc1 Rfc8 16. a4 Qa7 17. h3 h6 18. Bb5 g5 19. Be5 Qa5 20. Nf3 Ne4 21. Bd7
Rd8 22. Bc6 Rac8 23. Bb5 Nd2 24. Nxd2 Qxd2 25. Bc7 Rf8 26. Bd7 Rxc7 27. Rxc7
Qxd4 28. Qc3 Qf4 29. Rc8 Rxc8 30. Qxc8+ Kg7 31. Qc1 Qe5 32. Qc3 d4 33. Qe1 Qf4
34. Bc6 d3 35. Qe3 Qb4 36. Rd1 Qxb2 37. Be4 Bc5 38. Qxd3 Qxf2+ 39. Kh1 Bxe4 40.
Qxe4 Qg3 41. Qd3 Qe5 42. Qd7 Qf6 43. Qb5 e5 44. a5 g4 45. axb6 Bxb6 46. Rf1 Qe6
47. hxg4 Bd4 48. Qe2 Qe7 49. g3 Qe6 50. Qe4 Qd6 51. Kh2 Qe6 52. Qf5 Qg6 53. Kh3
Bc3 54. Rc1 Bd4 55. Qxg6+ Kxg6 56. Rf1 f6 57. Kg2 Kg5 58. Kh3 Kg6 59. Rf5 Be3
60. Kg2 Bg5 61. Rf1 e4 62. Re1 f5 63. Kf2 h5 64. gxf5+ Kxf5 65. Rb1 h4 66. gxh4
Bxh4+ 67. Ke3 Bg5+ 68. Kd4 Bf6+ 69. Kd5 Bg5 70. Rf1+ Bf4 71. Kd4 e3 72. Kd3 Ke5
73. Ke2 Ke4 74. Ra1 Be5 75. Ra4+ Bd4 76. Rb4 Kd5 77. Kd3 Bc5 78. Rh4 Kc6 79.
Kc4 Bb6 80. Rh6+ Kb7 81. Kb5 Ba7 82. Rh7+ Ka8 83. Ka6 Bb8 84. Re7 e2 85. Kb6
e1=Q 86. Rxe1 Ba7+ 87. Kc6 Bb8 88. Ra1+ Ba7 89. Rb1 Bb8 90. Rb3 Ba7 91. Rb8+
Kxb8 1/2-1/2

[Event "2BLN 2122 SV Lingen - SG AE Magdeburg"]
[Site "?"]
[Date "2022.06.18"]
[Round "7.5"]
[White "Andre, Gordon"]
[Black "Stankovic, Dimitrije"]
[Result "1-0"]
[WhiteElo "2350"]
[BlackElo "2107"]
[PlyCount "51"]
[EventDate "2022.??.??"]

1. d4 Nf6 2. c4 g6 3. Nc3 d5 4. Nf3 Bg7 5. h4 h5 6. Bg5 dxc4 7. e4 c6 8. Bxc4
O-O 9. Ne5 b5 10. Bb3 b4 11. Na4 Nxe4 12. Nxg6 Bxd4 13. O-O Nxg5 14. hxg5 Bg4
15. Qe1 Re8 16. Qxb4 Kg7 17. Rad1 Bxd1 18. Rxd1 Qd6 19. Qxd6 exd6 20. Rxd4 Kxg6
21. Rxd6+ Kxg5 22. Bxf7 Re7 23. Be6 Na6 24. g3 Nc7 25. Bd7 h4 26. f4+ 1-0